Limbo v architektúre: Nejednoznačnosť priestoru

Saved in:
Bibliographic Details
Main Author: Kalina, Adam (Author)
Other Authors: Legény, Ján (Thesis advisor)
Format: Manuscript Book
Language:Slovak
Published: 2025
Subjects:
Online Access:http://is.stuba.sk/zp/portal_zp.pl?podrobnosti=184909
Tags: Add Tag
No Tags, Be the first to tag this record!

MARC

LEADER 00000ntm a22000003a 4500
001 stuzp104282
003 SK-STU
005 20250607210456.6
007 ta
008 150427s2015----xo-----f-mn---000-0-slo-d
040 |a STU  |b slo 
041 0 |a slo 
100 1 |a Kalina, Adam  |u 052120  |4 aut  |U FAD Fakulta architektúry a dizajnu  |T FAD Ústav ekologickej a experimentálnej architektúry  |X 103771  |U A2120  |Y 393  |7 103771 
242 0 1 |a Limbo in architecture: Ambiguity of space  |y eng 
245 1 0 |a Limbo v architektúre: Nejednoznačnosť priestoru 
260 |c 2025 
650 4 |a ambiguity  |2 eng 
650 4 |a articulation  |2 eng 
650 4 |a limbo  |2 eng 
650 4 |a artikulácia  |2 slo 
650 4 |a Nejednoznačnosť  |2 slo 
650 4 |a Limbo  |2 slo 
700 1 |a Legény, Ján  |u 052120  |k Z1  |4 ths  |U FAD Fakulta architektúry a dizajnu  |T FAD Ústav ekologickej a experimentálnej architektúry  |X 15369  |U A2120  |Y 393  |7 A000015369 
856 4 |u http://is.stuba.sk/zp/portal_zp.pl?podrobnosti=184909